000 00335nam a2200145Ia 4500
005 20251222143248.0
008 251222s9999||||xx |||||||||||||| ||spa||
020 _a9786124660733
082 _a813.54/L65
100 _aLino Cornejo, Elizabeth
245 0 _aJosefina:
250 _a1ra.ed.
264 _bGrupo Pakarina
942 _cLIB
999 _c14848
_d14848